Normal view
MARC view
- Sutapa, Mukhopadyay
Entry Personal Name
001 - CONTROL NUMBER
- control field: 5273
003 - CONTROL NUMBER IDENTIFIER
- control field: OSt
005 - DATE AND TIME OF LATEST TRANSACTION
- control field: 20221007124759.0
008 - FIXED-LENGTH DATA ELEMENTS
- fixed length control field: 221007|| aca||aabn | a|a d
040 ## - CATALOGING SOURCE
- Original cataloging agency: OSt
- Transcribing agency: OSt
100 ## - HEADING--PERSONAL NAME
- Personal name: Sutapa, Mukhopadyay
670 ## - SOURCE DATA FOUND
- Source citation: Work cat.: (OSt)9699: Sutapa, Mukhopadyay ., Terrain analysis and its impact on land use / , 1992.
